BANARAS RECONSTRUCTED: ARCHITECTURE AND SACRED SPACE IN A HINDU HOLY CITY (Record no. 12400)
[ view plain ]
| 000 -LEADER | |
|---|---|
| fixed length control field | 00427 a2200145 4500 |
| 003 - CONTROL NUMBER IDENTIFIER | |
| control field | OSt |
| 005 - DATE AND TIME OF LATEST TRANSACTION | |
| control field | 20240116110531.0 |
| 008 - FIXED-LENGTH DATA ELEMENTS--GENERAL INFORMATION | |
| fixed length control field | 240116b ||||| |||| 00| 0 eng d |
| 020 ## - INTERNATIONAL STANDARD BOOK NUMBER | |
| International Standard Book Number | 9789386392961 |
| 082 ## - DEWEY DECIMAL CLASSIFICATION NUMBER | |
| Classification number | 720.954 |
| Item number | DES |
| 100 ## - MAIN ENTRY--PERSONAL NAME | |
| Personal name | MADHURI DESAI |
| 245 ## - TITLE STATEMENT | |
| Title | BANARAS RECONSTRUCTED: ARCHITECTURE AND SACRED SPACE IN A HINDU HOLY CITY |
| 260 ## - PUBLICATION, DISTRIBUTION, ETC. (IMPRINT) | |
| Name of publisher, distributor, etc | The Orient Blackswan; First Edition (1 January 2017) |
| Date of publication, distribution, etc | 2017 |
| 942 ## - ADDED ENTRY ELEMENTS (KOHA) | |
| Source of classification or shelving scheme | |
| Withdrawn status | Lost status | Source of classification or shelving scheme | Damaged status | Koha normalized classification for sorting | Not for loan | Permanent location | Current location | Date acquired | Source of acquisition | Cost, normal purchase price | Total Checkouts | Total Renewals | Full call number | Barcode | Date last seen | Date last borrowed | Cost, replacement price | Price effective from | Koha item type | Shelving location |
|---|---|---|---|---|---|---|---|---|---|---|---|---|---|---|---|---|---|---|---|---|
| 720_954000000000000_DES | BMS College of Architecture, Design and Planning | BMS College of Architecture, Design and Planning | 2024-01-16 | 1 | 1346.25 | 3 | 2 | 720.954 DES | AR-UG3557 | 2024-08-27 | 2024-08-23 | 1795.00 | 2024-01-16 | UG Books | ||||||
| 720_954000000000000_DES | BMS College of Architecture, Design and Planning | BMS College of Architecture, Design and Planning | 2025-12-16 | 720.954 DES | AR-UG5136 | 2026-02-10 | 2026-02-10 | UG Books | General Stacks |